Schaums outlines of theory and problems of fourier analysis: with applications to boundary value problems. (Record no. 162094)
[ view plain ]
| 000 -LEADER | |
|---|---|
| fixed length control field | 00715nam a2200217Ia 4500 |
| 003 - CONTROL NUMBER IDENTIFIER | |
| control field | OSt |
| 005 - DATE AND TIME OF LATEST TRANSACTION | |
| control field | 20230617114920.0 |
| 008 - FIXED-LENGTH DATA ELEMENTS--GENERAL INFORMATION | |
| fixed length control field | 210423s2011 xx 000 0 und d |
| 020 ## - INTERNATIONAL STANDARD BOOK NUMBER | |
| International Standard Book Number | 9780070588837 |
| 040 ## - CATALOGING SOURCE | |
| Transcribing agency | AL |
| 041 ## - LANGUAGE CODE | |
| Language code of text/sound track or separate title | eng |
| 082 ## - DEWEY DECIMAL CLASSIFICATION NUMBER | |
| Classification number | 515.2433 SPIM |
| Edition number | 23 |
| 100 ## - MAIN ENTRY--PERSONAL NAME | |
| Personal name | SPIEGEL (Murray R). |
| 9 (RLIN) | 97928 |
| 245 ## - TITLE STATEMENT | |
| Title | Schaums outlines of theory and problems of fourier analysis: with applications to boundary value problems. |
| 260 ## - PUBLICATION, DISTRIBUTION, ETC. | |
| Place of publication, distribution, etc. | New Delhi |
| Name of publisher, distributor, etc. | Tata McGraw-hill |
| Date of publication, distribution, etc. | 2011 |
| 300 ## - PHYSICAL DESCRIPTION | |
| Extent | 191 |
| Other physical details | PB |
| 365 ## - TRADE PRICE | |
| Price amount | 325 |
| Currency code | INR |
| 650 ## - SUBJECT ADDED ENTRY--TOPICAL TERM | |
| Topical term or geographic name entry element | Mathematical Analysis |
| 9 (RLIN) | 97929 |
| 906 ## - LOCAL DATA ELEMENT F, LDF (RLIN) | |
| a | analysis: ; applications ; boundary ; fourier ; outlines ; problems ; problems. ; Schaums ; theory ; value |
| 942 ## - ADDED ENTRY ELEMENTS (KOHA) | |
| Source of classification or shelving scheme | Dewey Decimal Classification |
| Koha item type | Book |
| Withdrawn status | Lost status | Damaged status | Not for loan | Collection code | Home library | Current library | Date acquired | Source of acquisition | Cost, normal purchase price | Total Checkouts | Full call number | Barcode | Date last seen | Price effective from | Koha item type | Date last checked out |
|---|---|---|---|---|---|---|---|---|---|---|---|---|---|---|---|---|
| Physics | St Aloysius PG Library | St Aloysius PG Library | 12/07/2012 | Athulya Books | 325.00 | 515.2433 SPIM | PG008587 | 08/24/2022 | 04/26/2021 | Book | ||||||
| Physics | St Aloysius PG Library | St Aloysius PG Library | 01/03/2013 | Higginbothams Pvt Ltd | 399.00 | 1 | 515.2433 SPIM | PG008648 | 04/18/2023 | 04/26/2021 | Book | 04/10/2023 | ||||
| Physics | St Aloysius PG Library | St Aloysius PG Library | 01/03/2013 | Higginbothams Pvt Ltd | 399.00 | 1 | 515.2433 SPIM | PG008649 | 03/21/2023 | 04/26/2021 | Book | 03/11/2023 |